| 000 | 00895cam a22002651 4500 | ||
|---|---|---|---|
| 001 | af 47005847 | ||
| 003 | DLC | ||
| 005 | 20260227110834.0 | ||
| 008 | 900710s1944 gw 000 0 ger c | ||
| 010 | _aaf 47005847 | ||
| 035 | _a(OCoLC)21984104 | ||
| 040 |
_aHoover Library, Stanford University _cCSt-H _dDLC |
||
| 042 | _apremarc | ||
| 050 | 0 | 0 |
_aD811 _b.B484 |
| 100 | 1 |
_aBest, Walter, _d1905- |
|
| 245 | 1 | 0 |
_aMit der Leibstandarte im Westen; _bberichte eines [SS]-Kriegsberichters. |
| 260 |
_aMünchen, _bF. Eher nachf. _c[1944] |
||
| 300 |
_a78 p. _c18 cm. |
||
| 490 | 0 |
_aSoldaten-Kameraden! _vBd. 41 |
|
| 500 | _a"4. auflage." | ||
| 500 | _aOn t.p., "SS" appears as lightning-bolts. | ||
| 650 | 0 |
_aWorld War, 1939-1945 _xPersonal narratives, German. |
|
| 650 | 0 |
_aWorld War, 1939-1945 _xCampaigns _zFrance. |
|
| 610 | 2 | 0 |
_aNationalsozialistische Deutsche Arbeiter-Partei. _bSchutzstaffel. |
| 999 |
_c3306 _d3306 |
||